000 00881nam a2200241 a 4500
003 CBULib
005 20240813123924.0
008 171012s2016 ||||||||||||||||| || u
020 _a9789211171198
040 _aCBULib
_bEnglish
_cCBULib
_dCBULib
_erda
050 _aUNECE(02)2016/4
110 _aUnited Nations Economic Commission for Europe (UNECE)
245 1 0 _aRecommendations on ageing-related statistics
_cBy United Nations Economic Commission For Europe
260 _aNew York:
_bUnited Nations Economic Commission for Europe (UNECE)
_c2016
300 _aix, 91pages.: illustrations
336 _2rdacontent
_aText |
_btxt
337 _2rdamedia
_aUnmediated |
_bc
338 _2rdacarrier
_aVolume
_bnc
650 0 _aAGING--STATISTICS
_93263
650 0 _aOLDER PEOPLE--STATISTICS
_93277
942 _2mc
_c029
999 _c55759
_d55759